000 003800000a22000970004500
245 1 0 _aEl docente en un nuevo escenario
300 _aVol.0, núm.4 (marzo-mayo, 2005), Página 6
520 _aEl uso y apropiación de las tecnologías de información y comunicación plantea retos y oportunidades a la educación.
773 0 _tEducación superior : Boletín informativo
942 _cANA
999 _c61183
_d61183